| 000 | 00584nam a2200181Ia 4500 | ||
|---|---|---|---|
| 003 | GCL | ||
| 008 | 140319s9999 xx 000 0 ara d | ||
| 040 |
_aGCL / _cGCL |
||
| 082 | 0 | 4 |
_a814.02 _bا ش |
| 100 | 1 | _aسمير محمود الدروبى (تحقيق) | |
| 245 | 1 | 0 |
_aشرح مقامات جلال الدين السيوطى / _cسمير محمود الدروبى (تحقيق) |
| 260 |
_a[S.N] : _bمؤسسة الرسالة ، _c1989 |
||
| 300 | _a1342 ص | ||
| 490 | _a | ||
| 650 | 0 | 4 | _aالادب العربى |
| 650 | 0 | 4 | _aالمقالات العربية |
| 942 |
_2ddc _cBK |
||
| 999 |
_c56150 _d56150 |
||